000 00297nam a22001337a 4500
008 180308b xxu||||| |||| 00| 0 eng d
020 _a07sr23877300
041 _aeng
080 _a004
100 _a30
101 _aSHK
245 _aAPACHE SERVER FOR DUMMIES
_cKEN.A.L.C
942 _2udc
_cBK
999 _c44385
_d44385